<?xml version="1.0" encoding="UTF-8"?>
<record
    xmlns:xsi="http://www.w3.org/2001/XMLSchema-instance"
    xsi:schemaLocation="http://www.loc.gov/MARC21/slim http://www.loc.gov/standards/marcxml/schema/MARC21slim.xsd"
    xmlns="http://www.loc.gov/MARC21/slim">

  <leader>04277cam a2200337 i 4500</leader>
  <controlfield tag="001">16990442</controlfield>
  <controlfield tag="003">EG-ScBUE</controlfield>
  <controlfield tag="005">20241107155644.0</controlfield>
  <controlfield tag="008">111005s2012    enkd   f b    001 0 eng d</controlfield>
  <datafield tag="020" ind1=" " ind2=" ">
    <subfield code="a">9780521895446 (hardback)</subfield>
  </datafield>
  <datafield tag="020" ind1=" " ind2=" ">
    <subfield code="a">0521895448 (hardback)</subfield>
  </datafield>
  <datafield tag="040" ind1=" " ind2=" ">
    <subfield code="a">DLC</subfield>
    <subfield code="b">eng</subfield>
    <subfield code="e">rda</subfield>
    <subfield code="c">DLC</subfield>
    <subfield code="d">BTCTA</subfield>
    <subfield code="d">YDXCP</subfield>
    <subfield code="d">UKMGB</subfield>
    <subfield code="d">CDX</subfield>
    <subfield code="d">BDX</subfield>
    <subfield code="d">BWX</subfield>
    <subfield code="d">C#P</subfield>
    <subfield code="d">AU@</subfield>
    <subfield code="d">PUL</subfield>
    <subfield code="d">DLC</subfield>
    <subfield code="d">EG-ScBUE</subfield>
  </datafield>
  <datafield tag="082" ind1="0" ind2="0">
    <subfield code="a">519.22</subfield>
    <subfield code="2">22</subfield>
    <subfield code="b">KOB</subfield>
  </datafield>
  <datafield tag="100" ind1="1" ind2=" ">
    <subfield code="a">Kobayashi, Hisashi,</subfield>
    <subfield code="e">author.</subfield>
    <subfield code="9">3760</subfield>
  </datafield>
  <datafield tag="245" ind1="1" ind2="0">
    <subfield code="a">Probability, random processes, and statistical analysis /</subfield>
    <subfield code="c">Hisashi Kobayashi, Princeton University, Brian L. Mark, George Mason University, William Turin, At&amp;T Labs Research.</subfield>
  </datafield>
  <datafield tag="264" ind1=" " ind2=" ">
    <subfield code="a">Cambridge, United Kingdom ; </subfield>
    <subfield code="a">New York, United States : </subfield>
    <subfield code="b">Cambridge University Press,</subfield>
    <subfield code="c">2012.</subfield>
  </datafield>
  <datafield tag="300" ind1=" " ind2=" ">
    <subfield code="a">xxxi, 780 pages :</subfield>
    <subfield code="b">charts ;</subfield>
    <subfield code="c">26 cm</subfield>
  </datafield>
  <datafield tag="336" ind1=" " ind2=" ">
    <subfield code="2">rdacontent</subfield>
    <subfield code="a">text</subfield>
    <subfield code="b">txt</subfield>
  </datafield>
  <datafield tag="337" ind1=" " ind2=" ">
    <subfield code="a">unmediated</subfield>
    <subfield code="2">rdamedia</subfield>
    <subfield code="b">n</subfield>
  </datafield>
  <datafield tag="338" ind1=" " ind2=" ">
    <subfield code="a">volume</subfield>
    <subfield code="b">nc</subfield>
    <subfield code="2">rdacarrier</subfield>
  </datafield>
  <datafield tag="504" ind1=" " ind2=" ">
    <subfield code="a">Includes bibliographical references and index.
</subfield>
  </datafield>
  <datafield tag="505" ind1="8" ind2=" ">
    <subfield code="a">Machine generated contents note : 1. Introduction ; Part I. Probability, Random Variables and Statistics : 2. Probability ; 3. Discrete random variables ; 4. Continuous random variables ; 5. Functions of random variables and their distributions ; 6. Fundamentals of statistical analysis ; 7. Distributions derived from the normal distribution ; Part II. Transform Methods, Bounds and Limits : 8. Moment generating function and characteristic function ; 9. Generating function and Laplace transform ; 10. Inequalities, bounds and large deviation approximation ; 11. Convergence of a sequence of random variables, and the limit theorems ; Part III. Random Processes : 12. Random process ; 13. Spectral representation of random processes and time series ; 14. Poisson process, birth-death process, and renewal process ; 15. Discrete-time Markov chains ; 16. Semi-Markov processes and continuous-time Markov chains ; 17. Random walk, Brownian motion, diffusion and it's processes ; Part IV. Statistical Inference : 18. Estimation and decision theory ; 19. Estimation algorithms ; Part V. Applications and Advanced Topics : 20. Hidden Markov models and applications ; 21. Probabilistic models in machine learning ; 22. Filtering and prediction of random processes ; 23. Queuing and loss models.</subfield>
  </datafield>
  <datafield tag="520" ind1=" " ind2=" ">
    <subfield code="a">"Together with the fundamentals of probability, random processes and statistical analysis, this insightful book also presents a broad range of advanced topics and applications. There is extensive coverage of Bayesian vs. frequentist statistics, time series and spectral representation, inequalities, bound and approximation, maximum-likelihood estimation and the expectation-maximization (EM) algorithm, geometric Brownian motion and It's process. Applications such as hidden Markov models (HMM), the Viterbi, BCJR, and Baum-Welch algorithms, algorithms for machine learning, Wiener and Kalman filters, and queueing and loss networks are treated in detail. The book will be useful to students and researchers in such areas as communications, signal processing, networks, machine learning, bioinformatics, econometrics and mathematical finance. With a solutions manual, lecture slides, supplementary materials and MATLAB programs all available online, it is ideal for classroom teaching as well as a valuable reference for professionals"-</subfield>
  </datafield>
  <datafield tag="520" ind1=" " ind2=" ">
    <subfield code="a">"Probability, Random Processes, and Statistical Analysis Together with the fundamentals of probability, random processes, and statistical analysis, this insightful book also presents a broad range of advanced topics and applications not covered in other textbooks. Advanced topics include: - Bayesian inference and conjugate priors-Chernoff bound and large deviation approximation-Principal component analysis and singular value decomposition-Autoregressive moving average (ARMA) time series-Maximum likelihood estimation and the EM algorithm-Brownian motion, geometric Brownian motion, and Ito process-Black-Scholes differential equation for option pricing"-</subfield>
  </datafield>
  <datafield tag="650" ind1=" " ind2="7">
    <subfield code="a">Stochastic analysis.</subfield>
    <subfield code="2">BUEsh</subfield>
    <subfield code="9">37068</subfield>
  </datafield>
  <datafield tag="653" ind1=" " ind2=" ">
    <subfield code="b">ENGELC</subfield>
    <subfield code="c">January2015</subfield>
  </datafield>
  <datafield tag="655" ind1=" " ind2=" ">
    <subfield code="v">Reading book</subfield>
    <subfield code="9">34232</subfield>
  </datafield>
  <datafield tag="700" ind1="1" ind2=" ">
    <subfield code="a">Mark, Brian L.</subfield>
    <subfield code="q">(Brian Lai-bue),</subfield>
    <subfield code="d">1969-</subfield>
    <subfield code="e">author.</subfield>
    <subfield code="9">3764</subfield>
  </datafield>
  <datafield tag="700" ind1="1" ind2=" ">
    <subfield code="a">Turin, William,</subfield>
    <subfield code="e">author.</subfield>
    <subfield code="9">37070</subfield>
  </datafield>
  <datafield tag="942" ind1=" " ind2=" ">
    <subfield code="2">ddc</subfield>
    <subfield code="c">BB</subfield>
  </datafield>
  <datafield tag="999" ind1=" " ind2=" ">
    <subfield code="c">18840</subfield>
    <subfield code="d">18812</subfield>
  </datafield>
  <datafield tag="952" ind1=" " ind2=" ">
    <subfield code="0">0</subfield>
    <subfield code="1">0</subfield>
    <subfield code="2">ddc</subfield>
    <subfield code="4">0</subfield>
    <subfield code="7">0</subfield>
    <subfield code="8">Baccah</subfield>
    <subfield code="a">MAIN</subfield>
    <subfield code="b">MAIN</subfield>
    <subfield code="c">1ST</subfield>
    <subfield code="d">2015-01-06</subfield>
    <subfield code="e">Purchase</subfield>
    <subfield code="g">477.00</subfield>
    <subfield code="h">21291</subfield>
    <subfield code="l">1</subfield>
    <subfield code="m">3</subfield>
    <subfield code="o">519.22 KOB</subfield>
    <subfield code="p">000037258</subfield>
    <subfield code="r">2025-07-15 00:00:00</subfield>
    <subfield code="s">2023-05-20</subfield>
    <subfield code="v">596.00</subfield>
    <subfield code="w">2015-01-06</subfield>
    <subfield code="y">BB</subfield>
  </datafield>
</record>
